000 00871cam a2200265 a 4500
001 14732000
005 20171222034501.0
008 070212s2007 nyuab be 001 0 eng
010 _a 2007006137
020 _a9780071441438 (alk. paper)
040 _aDLC
_cDLC
_dDLC
041 _aeng
080 _aR 503 MHE
082 0 0 _aR 503 MHE
_222
100 _a26
101 _aENC
245 0 0 _aMcGraw-Hill encyclopedia of science & technology.
246 3 0 _aEncyclopedia of science & technology
246 3 _aMcGraw-Hill encyclopedia of science and technology
246 3 _aEncyclopedia of science and technology
504 _aIncludes bibliographical references and index.
906 _a7
_bcbc
_corignew
_d1
_eecip
_f20
_gy-gencatlg
942 _2ddc
_cBK
999 _c39300
_d39300